000 00598nam a2200217Ia 4500
005 20240408112354.0
008 131103s9999 xx 000 0 und d
040 _aLoreto College
041 _aEnglish
082 _a157
_bCOL
100 _aColeman, James C.
245 _aAbnormal Psychology and Modern Life
_cJames C. Coleman
250 _a3rd ed.
260 _aBombay
_bD B Taraporevala
_c1976
300 _a816p.
_b ill.
504 _aIncludes bibliographical references, glossary and index
650 _aAbnormal psychology
651 _aPsychology
850 _aLCBED
942 _cBK
999 _c26975
_d77454